Derechos humanos en Colombia, veinticinco años itinerario de una historia : (Registro nro. 3689)

Detalles MARC
000 -LEADER
fixed length control field 01106nam a2200229Ia 4500
003 - CONTROL NUMBER IDENTIFIER
control field OSt
005 - DATE AND TIME OF LATEST TRANSACTION
control field 20200413121341.0
008 - FIXED-LENGTH DATA ELEMENTS--GENERAL INFORMATION
fixed length control field 191128s2004 ck gr 000 0 spa d
020 ## - INTERNATIONAL STANDARD BOOK NUMBER
International Standard Book Number 9589604463
040 ## - CATALOGING SOURCE
Original cataloging agency CO-JMCR
Transcribing agency CO-JMCR
041 0# - LANGUAGE CODE
Language code of text/sound track or separate title spa
082 04 - DEWEY DECIMAL CLASSIFICATION NUMBER
Classification number 323.109861 /
Item number C733d
Edition number 21
110 1# - MAIN ENTRY--CORPORATE NAME
Corporate name or jurisdiction name as entry element Colombia.
Subordinate unit Comité Permanente por la Defensa de los Derechos Humanos
9 (RLIN) 2929
245 10 - TITLE STATEMENT
Title Derechos humanos en Colombia, veinticinco años itinerario de una historia :
Remainder of title comité Permanente por la Defensa de los Derechos Humanos 1979 - 2004 /
250 ## - EDITION STATEMENT
Edition statement Primera edición
260 ## - PUBLICATION, DISTRIBUTION, ETC.
Place of publication, distribution, etc. Bogotá :
Name of publisher, distributor, etc. Comité Permanente por la Defensa de los Derechos Humanos,
Date of publication, distribution, etc. 2004
300 ## - PHYSICAL DESCRIPTION
Extent 246 Páginas ;
Dimensions 24 cm.
505 0# - FORMATTED CONTENTS NOTE
Formatted contents note Composición actual del comité -- Biografía de Alfredo Vázquez Carriosa -- Integrantes y colaboradores del comité permanente por la defensa de los derechos hmanos asesinados entre 1938 y 2003 -- Víctimas de la vioencia política 1966-2003
650 14 - SUBJECT ADDED ENTRY--TOPICAL TERM
Topical term or geographic name entry element Desplazamiento forzado
Geographic subdivision Colombia
9 (RLIN) 2930
650 14 - SUBJECT ADDED ENTRY--TOPICAL TERM
Topical term or geographic name entry element Derechos humanos
General subdivision historia
Chronological subdivision 1979-2004
Geographic subdivision Colombia
9 (RLIN) 2931
942 ## - ADDED ENTRY ELEMENTS (KOHA)
Source of classification or shelving scheme Dewey Decimal Classification
Koha item type Books
Existencias
Withdrawn status Lost status Source of classification or shelving scheme Damaged status Not for loan Collection code Home library Current library Date acquired Source of acquisition Cost, normal purchase price Total Checkouts Full call number Barcode Date last seen Copy number Koha item type
    Dewey Decimal Classification     Non-fiction Biblioteca Pública José María del Castillo y Rada Biblioteca Pública José María del Castillo y Rada 04/15/2018 Donación 0.00   323.109861 / C733d 201807675 05/16/2024 Ej.1 Books